Statistics for Real Madrid Players of the 2010s

Click here to take the quiz!

General Stats

  • This quiz has been taken 622 times
  • The average score is 45 of 76

Answer Stats

#CountryPlayer% Correct
470FranceKarim Benzema
100%
426PortugalCristiano Ronaldo
99%
320CroatiaLuka Modric
99%
244WalesGareth Bale
98%
436SpainSergio Ramos
98%
254GermanyToni Kroos
98%
403BrazilMarcelo
97%
162Costa RicaKeylor Navas
93%
43SpainKiko Casilla
93%
260PortugalPepe
93%
296FranceRaphaël Varane
93%
190ArgentinaÁngel Di María
91%
257SpainDani Carvajal
91%
55BelgiumThibaut Courtois
89%
216BrazilCasemiro
88%
120ColombiaJames Rodríguez
87%
290SpainIsco
85%
159GermanyMesut Özil
82%
46BrazilVinicíus Júnior
81%
106PortugalFábio Coentrão
80%
135SpainMarco Asensio
80%
232SpainIker Casillas
79%
33MexicoJavier Hernández
79%
195SpainNacho Fernández
79%
161GermanySami Khedira
79%
13BelgiumEden Hazard
78%
145ArgentinaGonzalo Higuaín
78%
43UruguayFederico Valverde
76%
109CroatiaMateo Kovacic
74%
14BrazilRodrygo
74%
33Dominican RepublicMariano Díaz
73%
218SpainXabi Alonso
73%
17MoroccoAchraf Hakimi
69%
192SpainLucas Vázquez
69%
23FranceTheo Hernández
67%
219SpainÁlvaro Arbeloa
66%
12FranceFerland Mendy
65%
22TogoEmmanuel Adebayor
63%
35GhanaMichael Essien
61%
102BrazilKaká
60%
17SpainRaúl
59%
95SpainÁlvaro Morata
55%
78FranceLassana Diarra
55%
8BrazilÉder Militão
53%
14SerbiaLuka Jovic
53%
19MaliMahamadou Diarra
53%
77PortugalRicardo Carvalho
49%
62SpainDiego Lopez
48%
97SpainRaúl Albiol
48%
10TurkeyNuri Sahin
46%
94SpainJesé
42%
56SpainDani Ceballos
41%
12TurkeyHamit Altintop
38%
56BrazilDanilo
37%
7RussiaDenis Cheryshev
37%
20SpainGuti
37%
90SpainAsier Illarramendi
34%
15SpainBrahim Díaz
34%
19SpainJesús Vallejo
34%
39SpainMarcos Llorente
34%
77SpainJosé Callejón
31%
17NetherlandsRafael van der Vaart
31%
27SpainÁlvaro Odriozola
25%
81SpainEsteban Granero
25%
21SpainFernando Gago
24%
23ArgentinaEzequiel Garay
20%
9BrazilLucas Silva
20%
22SpainSergio Reguilón
20%
5FranceAlphonse Areola
18%
18SpainAntonio Adán
18%
31SpainBorja Mayoral
18%
14SpainPedro León
14%
15SpainSergio Canales
13%
5SpainJavi Sánchez
8%
5SpainÁlvaro Medrán
5%
5SpainÁlvaro Tejero
2%

Score Distribution

Percentile by Number Answered

Percent of People with Each Score

Your Score History

You have not taken this quiz